Vybrané kapitoly ze sportovního tréninku
Saved in:
| Main Author | |
|---|---|
| Format | Electronic eBook |
| Language | Czech |
| Published |
Masarykova univerzita
2026
|
| Edition | 1. elektronické vydání |
| Subjects | |
| Online Access | Dostupné v BOOKPORT po přihlášení pomocí eduID |
| ISBN | 978-80-280-0731-7 978-80-280-0730-0 |
| Physical Description | 1 online zdroj (146 stran) |
Cover
| LEADER | 00000nam a2200000 i 4500 | ||
|---|---|---|---|
| 001 | bkp532372356 | ||
| 003 | CZ-prgp | ||
| 005 | 20260505091223.0 | ||
| 006 | m o d | ||
| 007 | cr cn | ||
| 008 | 260505s2026 xr o 000 0 cze | ||
| 020 | |a 978-80-280-0731-7 |c 245 Kč |q (online ; epub) | ||
| 020 | |a 978-80-280-0730-0 |c 290 Kč |q (print) | ||
| 040 | |a Grada |b cze |e rda | ||
| 100 | 1 | |a Michal, Hrubý | |
| 245 | 1 | 0 | |a Vybrané kapitoly ze sportovního tréninku |c Hrubý Michal |
| 250 | |a 1. elektronické vydání | ||
| 264 | 1 | |b Masarykova univerzita |c 2026 | |
| 300 | |a 1 online zdroj (146 stran) | ||
| 336 | |a text |b txt |2 rdacontent | ||
| 337 | |a počítač |b c |2 rdamedia | ||
| 338 | |a online zdroj |b cr |2 rdacarrier | ||
| 520 | 3 | |a Publikace představuje ucelený teoreticko-praktický přehled klíčových aspektů sportovního tréninku na základě aktuálních vědeckých poznatků. Analyzuje strukturu a determinanty sportovního výkonu, řízení tréninkového procesu, specifika tréninku napříč věkovými i výkonnostními kategoriemi a zdůrazňuje význam individualizace zatížení a principů dlouhodobého rozvoje sportovců (LTAD). Důraz je kladen také na novodobé technologie, diferenciaci přístupu dle pohlaví a věku, výběr talentů a význam regenerace. Text je určen odborné sportovní komunitě, trenérům i studentům sportovních věd. | |
| 650 | 0 | 4 | |a Sporty |
| 650 | 0 | 4 | |a Trénink |
| 856 | 4 | 0 | |u https://www.bookport.cz/AccountSaml/SignIn/?idp=https://shibboleth.utb.cz/idp/shibboleth&returnUrl=/kniha/vybrane-kapitoly-ze-sportovniho-treninku-16015/ |y Dostupné v BOOKPORT po přihlášení pomocí eduID |